000
00215nam a2200097Ia 4500
008
230508s1992 xx 000 0 und d
041
_a
eng
100
_a
GUPTA I C
245
_a
ENGINEERING METROLOGY
260
_c
1992
999
_c
339058
_d
339058